| 000 | 00667nam a2200193Ia 4500 | ||
|---|---|---|---|
| 008 | 090123s9999 xx 000 0 und d | ||
| 082 |
_b38036 _a891.463/चेस |
||
| 100 | _aजेम्स हॅडले चेस | ||
| 245 | _aबॉटल नेक मर्डर | ||
| 250 | _a1 | ||
| 260 |
_bमंगलदिप प्रकाशन _c2005 |
||
| 300 | _a192 | ||
| 600 | _aजेम्स हॅडले चेस | ||
| 630 | _aबॉटल नेक मर्डर | ||
| 700 | _aहुद्दार मधुकर | ||
| 700 | _aजेम्स हॅडले चेस | ||
| 730 | _aबॉटल नेक मर्डर | ||
| 942 | _cBOOK | ||
| 999 |
_c76220 _d76220 |
||